India in South Asia : (Record no. 592710)

000 -LEADER
fixed length control field 01723cam a2200361 i 4500
001 - CONTROL NUMBER
control field 17545060
005 - DATE AND TIME OF LATEST TRANSACTION
control field 20221216113012.0
008 - FIXED-LENGTH DATA ELEMENTS--GENERAL INFORMATION
fixed length control field 121130s2013 enk b 001 0 eng
010 ## - LIBRARY OF CONGRESS CONTROL NUMBER
LC control number 2012040026
020 ## - INTERNATIONAL STANDARD BOOK NUMBER
International Standard Book Number 9780415625302 (hardback)
020 ## - INTERNATIONAL STANDARD BOOK NUMBER
Canceled/invalid ISBN 9780203552223 (ebook)
040 ## - CATALOGING SOURCE
Original cataloging agency DLC
Language of cataloging eng
Transcribing agency DLC
Description conventions rda
Modifying agency DLC
042 ## - AUTHENTICATION CODE
Authentication code pcc
043 ## - GEOGRAPHIC AREA CODE
Geographic area code a-ii---
050 00 - LIBRARY OF CONGRESS CALL NUMBER
Classification number HN690.Z9
Item number .S6567 2013
082 00 - DEWEY DECIMAL CLASSIFICATION NUMBER
Classification number 305.800954,SIN
Edition number 23
100 1# - MAIN ENTRY--PERSONAL NAME
Personal name Singh, Sinderpal.
9 (RLIN) 105048
245 10 - TITLE STATEMENT
Title India in South Asia :
Remainder of title domestic identity politics and foreign policy from Nehru to the BJP /
Statement of responsibility, etc. Sinderpal Singh.
264 #1 - PRODUCTION, PUBLICATION, DISTRIBUTION, MANUFACTURE, AND COPYRIGHT NOTICE
Place of production, publication, distribution, manufacture Milton Park, Abingdon, Oxon ;
-- New Nork, NY :
Name of producer, publisher, distributor, manufacturer Routledge,
Date of production, publication, distribution, manufacture, or copyright notice 2013.
300 ## - PHYSICAL DESCRIPTION
Extent 163 pages ;
Dimensions 24 cm.
336 ## - CONTENT TYPE
Content type term text
Source rdacontent
337 ## - MEDIA TYPE
Media type term unmediated
Source rdamedia
338 ## - CARRIER TYPE
Carrier type term volume
Source rdacarrier
490 0# - SERIES STATEMENT
Series statement Routledge advances in international relations and global politics ;
Volume/sequential designation 108
505 ## - FORMATTED CONTENTS NOTE
Formatted contents note Introduction (Page-1), Nehru and the invention of India (Page-12), The case of Pakistan and Nepal (Page-28), Indira Gandhi and the idea of India (Page-48), The case of Pakistan and Sri Lanka (Page-65), The BJP era and the construction of Indian identity (Page-85), Dealing with Pakistan and Bangladesh (Page-99).
650 #0 - SUBJECT ADDED ENTRY--TOPICAL TERM
Topical term or geographic name entry element Group identity
Geographic subdivision India.
9 (RLIN) 105049
650 #0 - SUBJECT ADDED ENTRY--TOPICAL TERM
Topical term or geographic name entry element Elite (Social sciences)
Geographic subdivision India.
9 (RLIN) 105050
651 #0 - SUBJECT ADDED ENTRY--GEOGRAPHIC NAME
Geographic name India
General subdivision Foreign relations.
9 (RLIN) 8767
651 #0 - SUBJECT ADDED ENTRY--GEOGRAPHIC NAME
Geographic name India
General subdivision Politics and government
Chronological subdivision 1947-
9 (RLIN) 12045
906 ## - LOCAL DATA ELEMENT F, LDF (RLIN)
a 7
b cbc
c orignew
d 1
e ecip
f 20
g y-gencatlg
942 ## - ADDED ENTRY ELEMENTS (KOHA)
Source of classification or shelving scheme
Koha item type Book
Call number prefix 305.800954,SIN
Holdings
Withdrawn status Lost status Source of classification or shelving scheme Damaged status Not for loan Permanent Location Current Location Shelving location Date acquired Total Checkouts Full call number Barcode Date last seen Price effective from Koha item type Public note
          Military College of Signals (MCS) Military College of Signals (MCS) General Stacks 12/16/2022   305.800954,SIN MCS37559 12/16/2022 12/16/2022 Book Almirah No.49, Shelf No.2
© 2023 Central Library, National University of Sciences and Technology. All Rights Reserved.